[Event "TUR-chT 2nd League"]
[Site "Denizli"]
[Date "2023.07.12"]
[Round "6.25"]
[White "Kocyigit, Buse Naz"]
[Black "Sade, Defne"]
[Result "1-0"]
[WhiteElo "1984"]
[BlackElo "1914"]
[PlyCount "117"]
[EventDate "2023.07.09"]
[EventType "team-swiss"]
[EventRounds "9"]
[EventCountry "TUR"]
[SourceTitle "CBM 215 Extra"]
[Source "ChessBase"]
[SourceDate "2023.09.30"]
[SourceVersion "1"]
[SourceVersionDate "2023.09.30"]
[SourceQuality "1"]
[WhiteTeam "Galva Metal"]
[BlackTeam "Moda"]
[WhiteTeamCountry "TUR"]
[BlackTeamCountry "TUR"]

1. Nf3 d5 2. d4 Nf6 3. c4 e6 4. Nc3 Be7 5. Bg5 0-0 6. e3 h6 7. Bh4 b6 8. Bd3 dxc4 9. Bxc4 Bb7 10. Qe2 Nbd7 11. Bd3 c5 12. 0-0 Rc8 13. Rad1 Nd5 14. Bg3 cxd4 15. Nxd5 Bxd5 16. exd4 Bb7 17. Ne5 Nxe5 18. dxe5 Qc7 19. f4 Bc5+ 20. Kh1 Qe7 21. Qg4 f5 22. exf6 Qxf6 23. Bh4 Qf7 24. Bg6 Qc7 25. Qxe6+ Kh8 26. f5 Qc6 27. Qxc6 Bxc6 28. a3 a5 29. Bf2 Be8 30. Bxc5 bxc5 31. Bxe8 Rfxe8 32. Rfe1 c4 33. g4 Rxe1+ 34. Rxe1 Rd8 35. Re2 Rd4 36. h3 Rd3 37. Kg2 c3 38. bxc3 Rxc3 39. a4 Rc4 40. Ra2 Kg8 41. Kg3 Kf7 42. Ra3 Kf6 43. Kh4 Rb4 44. Kh5 Rc4 45. h4 Rb4 46. Rc3 Rxa4 47. Rc6+ Kf7 48. g5 hxg5 49. hxg5 Ra1 50. Rc7+ Kf8 51. Kg6 a4 52. Rc8+ Ke7 53. Kxg7 Rb1 54. Rc7+ Kd6 55. Ra7 Rb5 56. Kf6 Rb4 57. g6 Kc5 58. g7 Rg4 59. Rxa4 1-0

[Event "TUR-chT 1st League"]
[Site "Konya"]
[Date "2022.08.26"]
[Round "7.1"]
[White "Kocyigit, Buse Naz"]
[Black "Arabidze, Meri"]
[Result "0-1"]
[WhiteElo "1991"]
[BlackElo "2426"]
[PlyCount "94"]
[EventDate "2022.08.22"]
[EventType "team-swiss"]
[EventRounds "9"]
[EventCountry "TUR"]
[SourceTitle "CBM 209 Extra"]
[Source "ChessBase"]
[SourceDate "2022.09.30"]
[SourceVersion "1"]
[SourceVersionDate "2022.09.30"]
[SourceQuality "1"]
[WhiteTeam "Mercan Sanat"]
[BlackTeam "Hukukcu Fenerbahceliler"]
[WhiteTeamCountry "TUR"]
[BlackTeamCountry "TUR"]

1. Nf3 Nf6 2. d4 c5 3. d5 b5 4. c4 b4 5. Nbd2 d6 6. e4 Nbd7 7. Be2 g6 8. 0-0 Bg7 9. Ne1 0-0 10. f4 e6 11. dxe6 fxe6 12. Bf3 Rb8 13. Nd3 Qc7 14. Qe2 Ne8 15. f5 Ne5 16. Nxe5 Bxe5 17. fxg6 hxg6 18. Bg4 Bd4+ 19. Kh1 Rxf1+ 20. Nxf1 Qg7 21. Ng3 Nf6 22. Bg5 Bd7 23. Rd1 b3 24. Bxf6 Qxf6 25. e5 Bxe5 26. axb3 Rxb3 27. Qe4 Rb8 28. Rf1 Qg7 29. Ra1 Qh6 30. Kg1 a5 31. Nf1 a4 32. Ra3 Rf8 33. Qe2 Qc1 34. Rf3 Qxb2 35. Rxf8+ Kxf8 36. Qf3+ Ke7 37. h4 Bd4+ 38. Kh2 Qf2 39. Qxf2 Bxf2 40. Nd2 Bxh4 41. Bd1 d5 42. Bc2 Be8 43. Kh3 Bf6 44. Kg4 Bc3 45. Nf3 dxc4 46. Kf4 a3 47. Bb1 Ba4 0-1

[Event "TUR-chT 1st League"]
[Site "Konya"]
[Date "2022.08.22"]
[Round "1.6"]
[White "Kocyigit, Buse Naz"]
[Black "Ciftci, Zeynep"]
[Result "1-0"]
[WhiteElo "1991"]
[BlackElo "2153"]
[PlyCount "51"]
[EventDate "2022.08.22"]
[EventType "team-swiss"]
[EventRounds "9"]
[EventCountry "TUR"]
[SourceTitle "CBM 209 Extra"]
[Source "ChessBase"]
[SourceDate "2022.09.30"]
[SourceVersion "1"]
[SourceVersionDate "2022.09.30"]
[SourceQuality "1"]
[WhiteTeam "Mercan Sanat"]
[BlackTeam "Karsiyaka Ihtisas"]
[WhiteTeamCountry "TUR"]
[BlackTeamCountry "TUR"]

1. Nf3 d5 2. d4 Nf6 3. c4 e6 4. Nc3 dxc4 5. e4 b5 6. e5 Nd5 7. a4 b4 8. Ne4 Ba6 9. Be2 h6 10. 0-0 c3 11. bxc3 bxc3 12. Bxa6 Nxa6 13. Nxc3 Be7 14. Ne4 0-0 15. Qe2 Nab4 16. Bd2 a5 17. Rfc1 Qd7 18. Nc5 Bxc5 19. Rxc5 c6 20. Ne1 f6 21. exf6 Rxf6 22. Nf3 Nf4 23. Bxf4 Rxf4 24. Re1 g5 25. h3 Raf8 26. Qxe6+ 1-0

[Event "Olympiad Women-44"]
[Site "Chennai"]
[Date "2022.08.08"]
[Round "10.4"]
[White "Kocyigit, Buse Naz"]
[Black "Miranda Vargas, Analia Karen"]
[Result "1/2-1/2"]
[WhiteElo "1991"]
[BlackElo "1723"]
[PlyCount "105"]
[EventDate "2022.07.29"]
[EventType "team-swiss"]
[EventRounds "11"]
[EventCountry "IND"]
[SourceTitle "CBM 210"]
[Source "ChessBase"]
[SourceDate "2022.10.31"]
[SourceVersion "1"]
[SourceVersionDate "2022.10.31"]
[SourceQuality "1"]
[WhiteTeam "Turkey (W)"]
[BlackTeam "Ecuador (W)"]
[WhiteTeamCountry "TUR"]
[BlackTeamCountry "ECU"]

1. d4 Nf6 2. Nf3 g6 3. Nc3 d5 4. Bf4 Bg7 5. Qd2 Ne4 6. Nxe4 dxe4 7. Ne5 0-0 8. 0-0-0 Qd5 9. b3 b5 10. f3 a5 11. fxe4 Qxe4 12. e3 Qb7 13. h4 a4 14. h5 axb3 15. cxb3 Bf5 16. hxg6 fxg6 17. Kb2 Qa7 18. a4 Bxe5 19. Bxe5 bxa4 20. Bc4+ e6 21. Ra1 Nc6 22. Rxa4 Qb6 23. Rxa8 Rxa8 24. Ra1 Rxa1 25. Kxa1 Nb4 26. e4 Qa5+ 27. Kb2 Qa2+ 28. Kc3 Qxd2+ 29. Kxd2 Bxe4 30. Bxe6+ Kf8 31. Bxc7 Ke7 32. Bh3 Nd5 33. Be5 h5 34. g3 g5 35. Bf1 Ke6 36. Bd3 Kf5 37. Be2 h4 38. gxh4 gxh4 39. Bd3 h3 40. Bh2 Nb4 41. Be2 Nd5 42. Bd1 Bb1 43. Bf3 Be4 44. Ke2 Nb4 45. Kf2 Nc2 46. d5 Bxf3 47. Kxf3 Nd4+ 48. Ke3 Nxb3 49. Kd3 Nc5+ 50. Kd4 Nd7 51. Kd3 Nf6 52. d6 Ke6 53. Ke2 1/2-1/2

[Event "Olympiad Women-44"]
[Site "Chennai"]
[Date "2022.08.06"]
[Round "8.4"]
[White "Khan, Nazrana"]
[Black "Kocyigit, Buse Naz"]
[Result "1-0"]
[WhiteElo "1829"]
[BlackElo "1991"]
[PlyCount "107"]
[EventDate "2022.07.29"]
[EventType "team-swiss"]
[EventRounds "11"]
[EventCountry "IND"]
[SourceTitle "CBM 210"]
[Source "ChessBase"]
[SourceDate "2022.10.31"]
[SourceVersion "1"]
[SourceVersionDate "2022.10.31"]
[SourceQuality "1"]
[WhiteTeam "Bangladesh (W)"]
[BlackTeam "Turkey (W)"]
[WhiteTeamCountry "BAN"]
[BlackTeamCountry "TUR"]

1. d4 Nf6 2. c4 g6 3. Nc3 Bg7 4. e4 d6 5. Nf3 0-0 6. Be2 Bg4 7. h3 Bxf3 8. Bxf3 Nfd7 9. 0-0 c5 10. Be3 Nc6 11. d5 Nd4 12. Bxd4 cxd4 13. Ne2 Qb6 14. Rb1 Ne5 15. b3 Nxf3+ 16. gxf3 e5 17. f4 f5 18. exf5 Rxf5 19. fxe5 Bxe5 20. Kg2 Raf8 21. Qd3 Qd8 22. Ng3 Qg5 23. Rbe1 h5 24. Re4 Rf4 25. h4 Qg4 26. Rxf4 Bxf4 27. Re1 Be3 28. Rxe3 dxe3 29. Qxe3 Qxh4 30. Qe6+ Kg7 31. Qxd6 Qf6 32. Qxf6+ Kxf6 33. Ne4+ Ke5 34. Nc5 Rf7 35. Kg3 g5 36. f3 b5 37. Ne6 bxc4 38. bxc4 Rb7 39. Nxg5 Kd4 40. Ne4 Rg7+ 41. Kh4 Rf7 42. d6 Kxc4 43. Kxh5 Kb5 44. Kg4 Kc6 45. f4 Rb7 46. f5 Rb4 47. Kf3 a5 48. f6 a4 49. Kf4 Kd7 50. f7 Rb8 51. Ke5 a3 52. Nf6+ Kc6 53. Ke6 Rf8 54. d7 1-0

[Event "TUR-ch (Women)"]
[Site "Ayvalik"]
[Date "2022.03.09"]
[Round "7"]
[White "Kocyigit, Buse Naz"]
[Black "Akat, Elifnaz"]
[Result "0-1"]
[WhiteElo "2023"]
[BlackElo "1689"]
[PlyCount "118"]
[EventDate "2022.03.05"]
[EventType "swiss"]
[EventRounds "9"]
[EventCountry "TUR"]
[SourceTitle "EXT 2023"]
[Source "ChessBase"]
[SourceDate "2022.10.05"]
[SourceVersion "1"]
[SourceVersionDate "2022.10.05"]
[SourceQuality "1"]

1. d4 d5 2. Nf3 c6 3. c4 Nf6 4. Nc3 e6 5. e3 Bd6 6. Qc2 Nbd7 7. Be2 0-0 8. 0-0 Qe7 9. e4 dxe4 10. Nxe4 Nxe4 11. Qxe4 e5 12. Ng5 Nf6 13. Qh4 Bf5 14. c5 Bc7 15. Nf3 e4 16. Ne1 h6 17. Nc2 Rfe8 18. Ne3 Bh7 19. Bd2 Rad8 20. Bc3 Qe6 21. Bc4 Nd5 22. Rfe1 Qc8 23. Nxd5 cxd5 24. Bf1 f5 25. Qh5 Re6 26. g3 g5 27. Qd1 Rg6 28. Qa4 Qb8 29. Ba5 b6 30. Bb4 f4 31. Rac1 e3 32. fxe3 fxg3 33. Bg2 Re6 34. Qb3 Be4 35. cxb6 gxh2+ 36. Kh1 Bxg2+ 37. Kxg2 Rxb6 38. Qc2 Bg3 39. Rf1 Bh4 40. Qf5 Qb7 41. Ba5 Rxb2+ 42. Kh1 Rd7 43. Qf8+ Kh7 44. Rc8 Kg6 45. Qf5+ Kh5 46. Rg8 Rg7 47. Qf3+ g4 48. Qf5+ Bg5 49. Rxg7 Qxg7 50. Rf4 Qe7 51. Qxg4+ Kg6 52. Bd8 Qxd8 53. Qe6+ Bf6 54. Rg4+ Kh5 55. Rg8 Rb1+ 56. Kxh2 Qc7+ 57. Kg2 Qc2+ 58. Kh3 Rh1+ 59. Kg3 Qh2+ 0-1

[Event "EU-chT (Women) 23rd"]
[Site "Terme Catez"]
[Date "2021.11.15"]
[Round "4.14"]
[White "Kocyigit, Buse Naz"]
[Black "Johannsdottir, Johanna Bjorg"]
[Result "0-1"]
[WhiteElo "2034"]
[BlackElo "1952"]
[PlyCount "102"]
[EventDate "2021.11.12"]
[EventType "team-swiss"]
[EventRounds "9"]
[EventCountry "SLO"]
[SourceTitle "CBM 205"]
[Source "ChessBase"]
[SourceDate "2021.12.31"]
[SourceVersion "1"]
[SourceVersionDate "2021.12.31"]
[SourceQuality "1"]
[WhiteTeam "Turkey (W)"]
[BlackTeam "Iceland (W)"]
[WhiteTeamCountry "TUR"]
[BlackTeamCountry "ISL"]

1. Nf3 g6 2. d4 Bg7 3. e4 d6 4. Nc3 a6 5. Be3 b5 6. Bd3 Bb7 7. a4 b4 8. Ne2 Nd7 9. Qd2 c5 10. c3 a5 11. 0-0 Rc8 12. Rae1 c4 13. Bb1 b3 14. Ng3 h6 15. h4 e6 16. h5 g5 17. d5 e5 18. Nf5 Bf8 19. Qe2 Qc7 20. Nd2 Ngf6 21. g3 Rg8 22. Kh1 g4 23. Bxh6 Bxh6 24. Nxh6 Rg5 25. Nf5 Nxh5 26. Qxc4 Nc5 27. Qe2 Ba6 28. c4 Nxa4 29. Qe3 f6 30. f4 gxf3 31. Rxf3 Rd8 32. Re2 Nxb2 33. Qxb3 Rb8 34. Qc2 a4 35. Rh2 Qc5 36. Qc1 Kf7 37. Ba2 Bc8 38. Nf1 Bxf5 39. exf5 Qd4 40. Rd2 Qg4 41. Qc3 e4 42. Re3 Nd3 43. Qd4 Nc5 44. Kg1 Nf4 45. Rh2 Qxf5 46. Nd2 Nh3+ 47. Kh1 Rh8 48. Qb2 Nf2+ 49. Kg1 Rxh2 50. Nf1 Rh1+ 51. Kg2 Qh3+ 0-1

[Event "BIH-chT1A 28th"]
[Site "Mostar"]
[Date "2021.08.07"]
[Round "2.4"]
[White "Muratovic, Efim"]
[Black "Kocyigit, Buse Naz"]
[Result "1-0"]
[WhiteElo "2340"]
[BlackElo "2026"]
[PlyCount "69"]
[EventDate "2021.08.06"]
[EventType "team-tourn"]
[EventRounds "9"]
[EventCountry "BIH"]
[SourceTitle "CBM 203 Extra"]
[Source "ChessBase"]
[SourceDate "2021.09.30"]
[SourceVersion "1"]
[SourceVersionDate "2021.09.30"]
[SourceQuality "1"]
[WhiteTeam "Zivinice"]
[BlackTeam "Zenica Preporod"]
[WhiteTeamCountry "BIH"]
[BlackTeamCountry "BIH"]

1. c4 Nf6 2. g3 g6 3. Bg2 Bg7 4. Nc3 0-0 5. Nf3 d6 6. d4 c6 7. 0-0 Qa5 8. h3 e5 9. dxe5 dxe5 10. Be3 Be6 11. Nd2 h5 12. Qc1 h4 13. g4 Nh7 14. g5 Qd8 15. Nce4 Qc8 16. Kh2 Nd7 17. Nf3 f5 18. gxf6 Ndxf6 19. Nxh4 Nxe4 20. Bxe4 Rf7 21. Nxg6 Bxh3 22. Rg1 Nf6 23. Qc2 Ng4+ 24. Rxg4 Bxg4 25. Rg1 Qe6 26. c5 Bf6 27. f3 Rh7+ 28. Kg2 Bh3+ 29. Kf2 Rg7 30. Bh6 Bh4+ 31. Ke3 Qd7 32. Nxe5 Rxg1 33. Nxd7 Bxd7 34. Qc4+ Kh8 35. Qd4+ 1-0

[Event "BIH-chT1A 28th"]
[Site "Mostar"]
[Date "2021.08.06"]
[Round "1.1"]
[White "Kocyigit, Buse Naz"]
[Black "Dumpor, Atif"]
[Result "1-0"]
[WhiteElo "2026"]
[BlackElo "2268"]
[PlyCount "40"]
[EventDate "2021.08.06"]
[EventType "team-tourn"]
[EventRounds "9"]
[EventCountry "BIH"]
[SourceTitle "CBM 203 Extra"]
[Source "ChessBase"]
[SourceDate "2021.09.30"]
[SourceVersion "1"]
[SourceVersionDate "2021.09.30"]
[SourceQuality "1"]
[WhiteTeam "Zenica Preporod"]
[BlackTeam "Konjic Igman"]
[WhiteTeamCountry "BIH"]
[BlackTeamCountry "BIH"]

1. Nf3 Nf6 2. d4 d5 3. c4 e6 4. Nc3 Be7 5. Bg5 Nbd7 6. e3 h6 7. Bh4 0-0 8. Bd3 c5 9. Qe2 a6 10. a4 b6 11. 0-0 Bb7 12. cxd5 exd5 13. Rfd1 Ne4 14. Bg3 Nxg3 15. hxg3 Nf6 16. dxc5 Bxc5 17. Bc2 Re8 18. Nd4 Rc8 19. Rac1 g6 20. Qd2 Qe7 1-0

[Event "Kiev Spring op"]
[Site "Kiev"]
[Date "2021.07.16"]
[Round "8"]
[White "Ghevondyan, Arman"]
[Black "Kocyigit, Buse Naz"]
[Result "1-0"]
[WhiteElo "1824"]
[BlackElo "2053"]
[PlyCount "87"]
[EventDate "2021.07.10"]
[EventType "swiss"]
[EventRounds "9"]
[EventCountry "UKR"]
[SourceTitle "EXT 2024"]
[Source "ChessBase"]
[SourceDate "2023.10.10"]
[SourceVersion "1"]
[SourceVersionDate "2023.10.10"]
[SourceQuality "1"]

1. Nf3 Nf6 2. g3 g6 3. b3 Bg7 4. Bb2 0-0 5. Bg2 d6 6. d4 e5 7. dxe5 Nfd7 8. 0-0 Nc6 9. c4 Re8 10. Nc3 dxe5 11. e4 Nc5 12. Qxd8 Rxd8 13. Nd5 Bg4 14. Nxc7 Rac8 15. Nd5 Nxe4 16. Nxe5 Nxe5 17. Bxe5 Bxe5 18. Ne7+ Kf8 19. Nxc8 Nxf2 20. Nxa7 Nh3+ 21. Bxh3 Bxh3 22. Rfd1 Ra8 23. Nb5 h5 24. a4 Bf5 25. Nd4 Bg4 26. Kf2 Kg8 27. c5 Bxd1 28. Rxd1 Rd8 29. Ke3 Re8 30. Kf3 Rd8 31. Ke4 Bg7 32. Rd3 Re8+ 33. Kd5 Re5+ 34. Kd6 Re4 35. Nb5 Bf8+ 36. Kd5 f5 37. Nd6 Rb4 38. Nb5 f4 39. c6 bxc6+ 40. Kxc6 Re4 41. gxf4 Rxf4 42. a5 Kh7 43. a6 Rf6+ 44. Nd6 1-0

[Event "Kiev Spring op"]
[Site "Kiev"]
[Date "2021.07.13"]
[Round "5"]
[White "Kocyigit, Buse Naz"]
[Black "Bodnaruk, Kseniya"]
[Result "1/2-1/2"]
[WhiteElo "2053"]
[BlackElo "1839"]
[PlyCount "80"]
[EventDate "2021.07.10"]
[EventType "swiss"]
[EventRounds "9"]
[EventCountry "UKR"]
[SourceTitle "EXT 2024"]
[Source "ChessBase"]
[SourceDate "2023.10.10"]
[SourceVersion "1"]
[SourceVersionDate "2023.10.10"]
[SourceQuality "1"]

1. Nf3 Nf6 2. d4 d5 3. c4 e6 4. Nc3 Be7 5. Bg5 h6 6. Bh4 0-0 7. e3 Ne4 8. Bxe7 Qxe7 9. cxd5 Nxc3 10. bxc3 exd5 11. Qb3 c6 12. a4 Nd7 13. Bd3 Nf6 14. 0-0 Be6 15. a5 Rab8 16. Ne5 Ng4 17. f4 Nxe5 18. fxe5 f6 19. exf6 Rxf6 20. a6 b6 21. Qc2 Rbf8 22. Rxf6 Rxf6 23. Re1 Qf7 24. e4 dxe4 25. Bxe4 Bc4 26. Bh7+ Kh8 27. Bd3 Bxd3 28. Qxd3 Re6 29. Rf1 Rf6 30. Rxf6 Qxf6 31. Qh3 Qg6 32. Qc8+ Kh7 33. h3 Qe4 34. Qd7 Qe3+ 35. Kh1 Qc1+ 36. Kh2 Qf4+ 37. Kg1 Qe3+ 38. Kh1 Qc1+ 39. Kh2 Qf4+ 40. Kg1 Qe3+ 1/2-1/2

[Event "Kiev Spring op"]
[Site "Kiev"]
[Date "2021.07.12"]
[Round "4"]
[White "Malakhatko, Vadim"]
[Black "Kocyigit, Buse Naz"]
[Result "1-0"]
[WhiteElo "2452"]
[BlackElo "2053"]
[PlyCount "103"]
[EventDate "2021.07.10"]
[EventType "swiss"]
[EventRounds "9"]
[EventCountry "UKR"]
[SourceTitle "CBM 203 Extra"]
[Source "ChessBase"]
[SourceDate "2021.09.30"]
[SourceVersion "1"]
[SourceVersionDate "2021.09.30"]
[SourceQuality "1"]

1. d4 Nf6 2. c4 g6 3. Nc3 Bg7 4. e4 d6 5. Nf3 0-0 6. Be2 Bg4 7. Be3 Nfd7 8. Qd2 e5 9. d5 a5 10. 0-0 Na6 11. Ne1 Bxe2 12. Qxe2 f5 13. f3 Nac5 14. Nd3 b6 15. Rab1 Qh4 16. Bf2 Qh5 17. Bxc5 Nxc5 18. Nxc5 bxc5 19. Rbe1 Rf7 20. Qc2 Bh6 21. Re2 Bf4 22. g3 Bg5 23. Kg2 Raf8 24. Qd3 Qh6 25. Nd1 Qg7 26. Qa3 Ra8 27. Qa4 h5 28. Nf2 Bh6 29. Qc2 Raf8 30. Qc3 g5 31. exf5 Rxf5 32. Ne4 g4 33. Ref2 Qg6 34. Qd3 gxf3+ 35. Rxf3 Rf4 36. Rxf4 Rxf4 37. Rxf4 exf4 38. Nxc5 f3+ 39. Kf2 Qg4 40. Ne6 h4 41. b3 Qh5 42. Qxf3 hxg3+ 43. Kxg3 Qe5+ 44. Kh3 Qb2 45. a4 Kh8 46. Qd3 Qf2 47. Qd4+ Qxd4 48. Nxd4 Be3 49. Ne6 Bb6 50. Kg4 Kh7 51. Kg5 Bg1 52. h3 1-0

[Event "Kiev Spring op"]
[Site "Kiev"]
[Date "2021.07.11"]
[Round "2"]
[White "Havryliuk, Yehor"]
[Black "Kocyigit, Buse Naz"]
[Result "0-1"]
[WhiteElo "1568"]
[BlackElo "2053"]
[PlyCount "82"]
[EventDate "2021.07.10"]
[EventType "swiss"]
[EventRounds "9"]
[EventCountry "UKR"]
[SourceTitle "EXT 2024"]
[Source "ChessBase"]
[SourceDate "2023.10.10"]
[SourceVersion "1"]
[SourceVersionDate "2023.10.10"]
[SourceQuality "1"]

1. e4 c5 2. Nf3 g6 3. c3 d5 4. exd5 Qxd5 5. d4 Bg7 6. Be3 cxd4 7. Nxd4 Nf6 8. Bb5+ Bd7 9. Bxd7+ Nbxd7 10. 0-0 0-0 11. Nd2 Rad8 12. N4f3 Nc5 13. Bxc5 Qxc5 14. Qb3 Bh6 15. Rad1 b6 16. Rfe1 Rd3 17. Qc2 Rdd8 18. Nb3 Qc7 19. Nbd4 Rd5 20. Qb3 Rfd8 21. c4 R5d7 22. Nb5 Qc5 23. Rxd7 Rxd7 24. Re5 Qc8 25. h3 Bf4 26. Re1 Qc5 27. Qc3 a6 28. Nbd4 Rc7 29. g3 Bd6 30. Rc1 Qh5 31. Kg2 e5 32. Nb3 Qf5 33. Rd1 Ne4 34. Qd3 Rc8 35. Re1 Qxh3+ 36. Kxh3 Nxf2+ 37. Kg2 Nxd3 38. Re3 Nxb2 39. Nxe5 Nxc4 40. Nxc4 Rxc4 41. Re8+ Kg7 0-1

[Event "TUR-ch (Women)"]
[Site "Corum"]
[Date "2021.06.15"]
[Round "3"]
[White "Incecik, Seyma Zeynep"]
[Black "Kocyigit, Buse Naz"]
[Result "1-0"]
[WhiteElo "1762"]
[BlackElo "2113"]
[PlyCount "149"]
[EventDate "2021.06.13"]
[EventType "swiss"]
[EventRounds "7"]
[EventCountry "TUR"]
[SourceTitle "CBM 203 Extra"]
[Source "ChessBase"]
[SourceDate "2021.09.30"]
[SourceVersion "1"]
[SourceVersionDate "2021.09.30"]
[SourceQuality "1"]

1. e4 c5 2. Nf3 d6 3. d4 cxd4 4. Nxd4 Nf6 5. f3 g6 6. c4 Bg7 7. Nc3 0-0 8. Be3 Nc6 9. Be2 Nxd4 10. Bxd4 Be6 11. 0-0 Qa5 12. Rc1 Rfc8 13. b3 a6 14. f4 b5 15. f5 Bd7 16. Bxf6 Bxf6 17. Nd5 Bg5 18. Rc3 e6 19. Rg3 exd5 20. Rxg5 bxc4 21. fxg6 hxg6 22. Rxd5 Qxa2 23. Bxc4 Be6 24. Rd2 Qa3 25. Bxe6 fxe6 26. Qg4 Rc1 27. Qxg6+ Kh8 28. Qf6+ Kh7 29. Qf7+ Kh8 30. Qh5+ Kg8 31. Qg5+ Kh8 32. Qh6+ Kg8 33. Qxe6+ Kh7 34. Qe7+ Kh8 35. Qxd6 Rf8 36. Qh6+ Kg8 37. Qg6+ Kh8 38. Qh5+ Kg8 39. Qg5+ Kh8 40. Qh6+ Kg8 41. Qxf8+ Qxf8 42. Rxc1 Qa3 43. Rb1 Qb4 44. Re2 Kf7 45. e5 Ke6 46. h3 a5 47. Rbb2 Qc3 48. Kh2 Qd4 49. Rbd2 Qf4+ 50. g3 Qb4 51. Rd3 Qb5 52. Rde3 Qb4 53. h4 Qb7 54. g4 Qc6 55. h5 Qe8 56. Kh3 Qd8 57. Rf3 Qd1 58. Ree3 Qh1+ 59. Kg3 Qg1+ 60. Kh4 Qh2+ 61. Kg5 Qd2 62. h6 Qc2 63. Kh5 Qh2+ 64. Kg6 Qc2+ 65. Rf5 a4 66. h7 Qc8 67. Rf6+ Ke7 68. Kg7 Qxg4+ 69. Rg6 Qf4 70. h8Q Qf7+ 71. Kh6 Qf4+ 72. Rg5 Qh4+ 73. Rh5 Qf4+ 74. Kh7 Qxe3 75. Qf6+ 1-0

[Event "Belgrade Spring op"]
[Site "Belgrade"]
[Date "2021.04.09"]
[Round "9"]
[White "Draskovic, Luka"]
[Black "Kocyigit, Buse Naz"]
[Result "1-0"]
[WhiteElo "2472"]
[BlackElo "2103"]
[PlyCount "87"]
[EventDate "2021.04.02"]
[EventType "swiss"]
[EventRounds "9"]
[EventCountry "SRB"]
[SourceTitle "CBM 202 Extra"]
[Source "ChessBase"]
[SourceDate "2021.07.31"]
[SourceVersion "1"]
[SourceVersionDate "2021.07.31"]
[SourceQuality "1"]

1. c4 Nf6 2. Nc3 g6 3. g3 Bg7 4. Bg2 0-0 5. d4 d6 6. Nf3 c6 7. e4 Qa5 8. 0-0 e5 9. h3 Nbd7 10. Qc2 exd4 11. Nxd4 Ne5 12. b3 Qb6 13. Be3 c5 14. Nde2 Re8 15. Rad1 Be6 16. f4 Nc6 17. Rxd6 Nd4 18. Nxd4 Qxd6 19. e5 Qd7 20. Nxe6 Qxe6 21. Bxc5 Nd7 22. Bf2 Qa6 23. Nb5 Rec8 24. Qd2 Nf8 25. a4 Rd8 26. Nd6 Rd7 27. c5 Rad8 28. Rc1 Rc7 29. Bf1 Qc6 30. Qe3 Re7 31. Bg2 Qa6 32. Qf3 Rdd7 33. Qc3 b6 34. Bf1 Qa5 35. Qxa5 bxa5 36. c6 Rc7 37. Nb5 Ne6 38. Nxc7 Rxc7 39. Bg2 Bf8 40. Bd5 Ba3 41. Rc2 Ng7 42. Bxa7 Nf5 43. Bb6 Rc8 44. c7 1-0

[Event "EU-Cup Online Gr-E"]
[Site "Tornelo INT"]
[Date "2021.03.28"]
[Round "6.3"]
[White "Kocyigit, Buse Naz"]
[Black "Ozenir, Ekin Baris"]
[Result "1/2-1/2"]
[WhiteElo "2143"]
[BlackElo "2309"]
[PlyCount "83"]
[EventDate "2021.03.27"]
[EventType "team-tourn (rapid)"]
[EventRounds "9"]
[EventCountry "NET"]
[SourceTitle "CBM 201 Extra"]
[Source "ChessBase"]
[SourceDate "2021.05.31"]
[SourceVersion "1"]
[SourceVersionDate "2021.05.31"]
[SourceQuality "1"]
[WhiteTeam "Anatolia Turquoise"]
[BlackTeam "Anatolia White"]
[WhiteTeamCountry "TUR"]
[BlackTeamCountry "TUR"]

1. Nf3 Nf6 2. d4 b6 3. Bg5 e6 4. e4 h6 5. Bxf6 Qxf6 6. Bd3 Bb7 7. Nbd2 Qd8 8. Qe2 d6 9. a4 Nd7 10. a5 Rb8 11. 0-0 Be7 12. e5 Bxf3 13. Nxf3 d5 14. axb6 axb6 15. Bb5 0-0 16. Bc6 b5 17. Bxb5 c6 18. Bxc6 Rxb2 19. Ba4 Rb8 20. Rfb1 Nb6 21. Bb3 Qc7 22. Ra6 Ra8 23. Rba1 Rxa6 24. Rxa6 Ra8 25. Rxa8+ Nxa8 26. Qb5 Nb6 27. h4 Nc8 28. Qd3 Bb4 29. Qb5 Bf8 30. c4 dxc4 31. Qxc4 Qxc4 32. Bxc4 Nb6 33. Bb3 Be7 34. Kf1 Kf8 35. Ke2 Bb4 36. Kd3 Ke7 37. g4 Ba3 38. Ke4 Nd7 39. Ba4 Nb6 40. Bb3 Nd7 41. Ba4 Nb6 42. Bb3 1/2-1/2

[Event "EU-Cup Online Gr-E"]
[Site "Tornelo INT"]
[Date "2021.03.27"]
[Round "1.3"]
[White "Gozzoli, Yannick"]
[Black "Kocyigit, Buse Naz"]
[Result "1-0"]
[WhiteElo "2600"]
[BlackElo "2143"]
[PlyCount "93"]
[EventDate "2021.03.27"]
[EventType "team-tourn (rapid)"]
[EventRounds "9"]
[EventCountry "NET"]
[SourceTitle "CBM 201 Extra"]
[Source "ChessBase"]
[SourceDate "2021.05.31"]
[SourceVersion "1"]
[SourceVersionDate "2021.05.31"]
[SourceQuality "1"]
[WhiteTeam "Asnieres"]
[BlackTeam "Anatolia Turquoise"]
[WhiteTeamCountry "FRA"]
[BlackTeamCountry "TUR"]

1. d4 Nf6 2. Nf3 g6 3. Bg5 Bg7 4. c3 0-0 5. Nbd2 d5 6. e3 c5 7. Be2 Qb6 8. Qb3 Nc6 9. 0-0 Bf5 10. Rfe1 Rfd8 11. dxc5 Qxc5 12. Nd4 Bd7 13. Bf4 Re8 14. Nxc6 Bxc6 15. Be5 Ne4 16. Nxe4 dxe4 17. Bxg7 Kxg7 18. Red1 Rad8 19. a3 e5 20. Rxd8 Rxd8 21. Rd1 Rxd1+ 22. Qxd1 Bb5 23. c4 Be8 24. b4 Qc7 25. Kf1 a5 26. c5 b6 27. Qd5 axb4 28. axb4 bxc5 29. Qxc5 Qxc5 30. bxc5 Kf8 31. Ke1 Ke7 32. Kd2 Kd8 33. Kc3 Kc7 34. Bc4 f5 35. Be6 Ba4 36. Bg8 h6 37. Bf7 g5 38. Be6 f4 39. Bd5 Bc6 40. Bxc6 Kxc6 41. Kc4 g4 42. g3 h5 43. Kb4 Kc7 44. Kb5 Kb7 45. c6+ Kc7 46. Kc5 f3 47. Kd5 1-0

[Event "EU-Cup Online Gr-E"]
[Site "Tornelo INT"]
[Date "2021.03.27"]
[Round "2.3"]
[White "Kocyigit, Buse Naz"]
[Black "Steinberg, Nitzan"]
[Result "0-1"]
[WhiteElo "2143"]
[BlackElo "2553"]
[PlyCount "74"]
[EventDate "2021.03.27"]
[EventType "team-tourn (rapid)"]
[EventRounds "9"]
[EventCountry "NET"]
[SourceTitle "CBM 201 Extra"]
[Source "ChessBase"]
[SourceDate "2021.05.31"]
[SourceVersion "1"]
[SourceVersionDate "2021.05.31"]
[SourceQuality "1"]
[WhiteTeam "Anatolia Turquoise"]
[BlackTeam "Beer Sheva"]
[WhiteTeamCountry "TUR"]
[BlackTeamCountry "ISR"]

1. Nf3 d5 2. d4 Nf6 3. c4 c6 4. Nc3 e6 5. e3 Nbd7 6. Qc2 Bd6 7. Be2 dxc4 8. a4 0-0 9. Bxc4 e5 10. 0-0 Qe7 11. h3 a5 12. Rd1 Kh8 13. Bb3 b6 14. Ng5 h6 15. Nge4 Bb8 16. d5 Bb7 17. d6 Qd8 18. Nxf6 Qxf6 19. Ne4 Qg6 20. Ng3 f5 21. e4 f4 22. Nf5 Nc5 23. f3 Ba7 24. Kh1 Rad8 25. Bc4 Bb8 26. b3 Qf6 27. Ba3 Kh7 28. Bxc5 bxc5 29. Qc3 g6 30. Qxa5 gxf5 31. exf5 Bc8 32. Qxc5 Bxf5 33. Qxc6 Qh4 34. Bf1 Rg8 35. d7 Ba7 36. Ra2 Bxh3 37. Bd3+ Bf5# 0-1